| 000 | 00609nam a22001577a 4500 | ||
|---|---|---|---|
| 003 | NUST | ||
| 082 | _a670 | ||
| 100 |
_a Mehmood ,Sabeel _9122300 |
||
| 245 |
_aModeling and FE Simulation of tool wear mechanism in single point turning of Titanium alloy i.e. Ti6Al4V under various conditions / _cSabeel Mehmood |
||
| 264 |
_aIslamabad: _bSMME- NUST. _c2020. |
||
| 300 |
_a91p. ; _bSoft Copy, _c30cm. |
||
| 650 |
_aMS Design and Manufacturing Engineering _9119567 |
||
| 700 |
_aSupervisor : Dr. Mushtaq Khan _9119879 |
||
| 856 | _uhttp://10.250.8.41:8080/xmlui/handle/123456789/23817 | ||
| 942 |
_2ddc _cTHE |
||
| 999 |
_c608805 _d608805 |
||